| LEADER | 00891nam a2200277 a 4500 | ||
|---|---|---|---|
| 001 | GR-MES3638 | ||
| 008 | 991111s1995 enk 000 b eng d | ||
| 020 | |a 0803975120 | ||
| 040 | |a GrPaTEI |b gre |c GR-PaULI | ||
| 245 | 0 | 0 | |a International tourism : |b identity and change. |
| 260 | |a London : |b Sage, |c 1995 | ||
| 300 | |a viii,246σ. | ||
| 650 | 4 | |a Βαλκάνια | |
| 650 | 4 | |a ΓΑΛΛΙΑ | |
| 650 | 4 | |a ΙΣΡΑΗΛ | |
| 650 | 4 | |a ΜΠΑΛΙ | |
| 650 | 4 | |a ΤΑΥΛΑΝΔΗ | |
| 650 | 4 | |a Τουρισμός | |
| 700 | 1 | |a Allcock, J. | |
| 700 | 1 | |a Bruner, E. | |
| 700 | 1 | |a Lanfant, M. | |
| 710 | 0 | |a Sage | |
| 942 | |2 ddc | ||
| 952 | |0 0 |1 0 |2 ddc |4 0 |6 338_479000000000000_1_LAN |7 0 |9 268258 |a MSLG |b MSLG |c BSC |d 2021-01-17 |e 24 |f 0 |g 0.00 |l 0 |o 338.479 1 LAN |p 2420000014284 |r 2021-01-17 00:00:00 |t 1 |w 2021-01-17 |y BK15 |x 19991111 0 1 |x GrPaTEI | ||
| 971 | |a .b25746832 |b 15-04-20 |c 13-09-16 | ||
| 999 | |c 154536 |d 154536 | ||